Memoir of John Clutton (Record no. 107676)
[ view plain ]
| 000 -LEADER | |
|---|---|
| fixed length control field | 00682cam a22002175a 4500 |
| 001 - CONTROL NUMBER | |
| control field | 107676 |
| 008 - FIXED-LENGTH DATA ELEMENTS--GENERAL INFORMATION | |
| fixed length control field | 071126s1896 xxk c f 000 0beng d |
| 041 0# - LANGUAGE CODE | |
| Language code of text/sound track or separate title | eng |
| 050 04 - LIBRARY OF CONGRESS CALL NUMBER | |
| Classification number | 920 |
| 100 1# - MAIN ENTRY--PERSONAL NAME | |
| Personal name | J. C. R. |
| 245 00 - TITLE STATEMENT | |
| Title | Memoir of John Clutton |
| Remainder of title | first president of The Surveyors' Institution |
| 260 ## - PUBLICATION, DISTRIBUTION, ETC. | |
| Place of publication, distribution, etc. | S.l. |
| Name of publisher, distributor, etc. | s.n. |
| Date of publication, distribution, etc. | 1896 |
| 300 ## - PHYSICAL DESCRIPTION | |
| Extent | 20 p. |
| Other physical details | ill. |
| Dimensions | 29 cm. |
| 520 ## - SUMMARY, ETC. | |
| Summary, etc. | A biography of John Clutton, reprinted from the Transactions of the Surveyors' Institution. |
| 520 ## - SUMMARY, ETC. | |
| Summary, etc. | A scan of this is available by emailing [email protected] |
| 600 14 - SUBJECT ADDED ENTRY--PERSONAL NAME | |
| Personal name | Clutton, John |
| 650 ## - SUBJECT ADDED ENTRY--TOPICAL TERM | |
| Topical term or geographic name entry element | BIOGRAPHY |
| 651 #4 - SUBJECT ADDED ENTRY--GEOGRAPHIC NAME | |
| Geographic name | United Kingdom |
| 690 ## - LOCAL SUBJECT ADDED ENTRY--TOPICAL TERM (OCLC, RLIN) | |
| Topical term or geographic name as entry element | ABOUT RICS-RICS MEMBERS |
| 942 ## - ADDED ENTRY ELEMENTS (KOHA) | |
| Suppress in OPAC | 0 |
| Source of classification or shelving scheme | Dewey Decimal Classification |
| Withdrawn status | Lost status | Source of classification or shelving scheme | Damaged status | Not for loan | Home library | Current library | Shelving location | Date acquired | Total Checkouts | Full call number | Barcode | Date last seen | Copy number | Price effective from | Koha item type | Public note |
|---|---|---|---|---|---|---|---|---|---|---|---|---|---|---|---|---|
| Dewey Decimal Classification | London | London | Reference copy | 26/11/2007 | 920 CLU | 30074471 | 06/08/2019 | 1 | 06/08/2019 | Book | ||||||
| Dewey Decimal Classification | London | London | Basement | 26/11/2007 | BASEMENT BOX 3 | 141461-2001 | 06/08/2019 | 1 | 06/08/2019 | Archive | ||||||
| Dewey Decimal Classification | Virtual | Virtual | Online | 29/12/2022 | 29/12/2022 | 29/12/2022 | Online material | Please contact [email protected] to request a digital copy |